| 000 | 00805nam a22002057a 4500 | ||
|---|---|---|---|
| 003 | KOHA_MİRAKIL | ||
| 005 | 20260330132254.0 | ||
| 008 | 260330b tu ||||| |||| 00| 0 tur d | ||
| 040 |
_aTR-AnABB _btur _cTR-AnABB |
||
| 041 | _atur | ||
| 082 |
_a920.72 _bKIV 1998 |
||
| 100 | 1 | _aKıvanç, Halit | |
| 245 | 1 | 0 |
_aBulutlarla yarışan kadın : Halit Kıvanç, Sabiha Gökçen'le söyleşiyor = _bshe raced with the clouds : Halit Kıvanç interviews Sabiha Gökçen / _cHalit Kıvanç ; translated by Fred Stark |
| 246 | _aShe raced with the clouds : Halit Kıvanc interviews Sabiha Gökçen | ||
| 260 |
_aİstanbul : _bYapı Kredi Yayınları, _c1998 |
||
| 300 |
_a89 sayfa ; _c18 cm |
||
| 650 | 0 | 4 | _aBiyografi, Sabiha Gökçen |
| 700 | 1 |
_aStark, Fred, _eçeviren _93226 |
|
| 942 |
_2ddc _cBK |
||
| 999 |
_c10101 _d10101 |
||
| 900 | _bCan ÇELIK | ||